| 000 -ლიდერი |
| ფიქსირებული სიგრძის საკონტროლო ველი |
01609nam a22001937a 4500 |
| 003 - საკონტროლო ნომრის იდენტიფიკატორი |
| საკონტროლო ველი |
Ge_BSU |
| 005 - ბოლო ოპერაციის თარიღი და დრო |
| საკონტროლო ველი |
20250313154239.0 |
| 008 - ფიქსირებული სიგრძის მონაცემთა ელემენტები - ზოგადი ინფორმაცია |
| ფიქსირებული სიგრძის საკონტროლო ველი |
250313s1938 ge ||||| |||| 00| 0 geo d |
| 041 ## - ენის კოდი |
| Language code of text/sound track or separate title |
geo |
| 080 ## - უნივერსალური ათობითი კლასიფიკაციის ინდექსი |
| Universal Decimal Classification number |
618.1 : 616.4 ჩ-24 |
| 100 ## - მთავარი ჩანაწერი - პიროვნების სახელი |
| Personal name |
ჩარკვიანი, ი. |
| 9 (RLIN) |
24553 |
| 245 ## - ცნობა სათაურის შესახებ |
| Title |
ჰიპერჰორმონალური მოშლილობანი : |
| Remainder of title |
ექსპერიმენტული გამოკვლევა = О гипергормональных нарушениях : (Экспериментальное наблюдение) = Recherches experimentales sur les troubles causes par l'Hypercrinie hormonale / / |
| Statement of responsibility, etc |
მედ. მეცნ. კანდ. ი. ჩარკვიანი; თბილისის სახელმწიფო სამედიცინო ინსტიტუტის მე-II სამეანო-გინეკოლოგიური კლინიკიდან გამგე პროფესორი გ.გ. ღამბარაშვილი. |
| 264 ## - წარმოების, გამოცემის, დისტრიბუციის და სხვა ცნობები |
| გამოცემის, წარმოების, დისტრიბუციის... ადგილი |
ბათუმი : |
| გამოცემის, წარმოების, დისტრიბუციის... სახელწოდება |
აჭარის ექიმთა სამეცნ. საზ-ბა, |
| გამოცემის, წარმოების, დისტრიბუციის... თარიღი |
1938. |
| 300 ## - ფიზიკური აღწერა |
| Extent |
152 გვ. ; |
| Other physical details |
24 სმ. |
| 504 ## - BIBLIOGRAPHY, ETC. NOTE |
| Bibliography, etc |
ბიბლიოგრ.: ლიტერატურა ქართულ და რუსულ ენებზე (გვ. 141-146), უცხოეთის ლიტერატურა (გვ. 147-152). |
| 653 ## - INDEX TERM--UNCONTROLLED |
| Uncontrolled term |
ჰიპერჰორმონალური მოშლილობანი |
| 653 ## - INDEX TERM--UNCONTROLLED |
| Uncontrolled term |
მედიცინა |
| 942 ## - ADDED ENTRY ELEMENTS (KOHA) |
| Source of classification or shelving scheme |
|
| Koha item type |
წიგნი |